00613nam a22001697a 450000500170000000800410001704100120005808200160007010000280008624500490011426000560016330000080021965000120022794200070023999900190024695201780026520250826121244.0250821b |||||||| |||| 00| 0 eng d aMarathi a891.46bIND a Indurkar Udyan9212717 aPrachin Mandire, Murti aani Bhavapurn Shilpe aPunebBharatiya Vichar Sadhana Pune Prakashanc2019 a390 aGeneral cBK c367354d367354 00102ddc4070aSOFTbSOFTd2025-08-13eBhartiya Vichar Sadana Foundationg273.00l2o891.46 INDpSOFT-BK-4472r2026-03-18 09:21:36s2026-02-27t30%v390.00w2025-08-21yBK